Comparison of the Visegrad Group and Baltic Countries in Terms of Multi-Criteria Competitiveness Indicators

Prostredníctvom viackriteriálnych kritérií (GCI, WCI, DBI) a jednostranných indexov konkurencieschopnosti posúdenie súčasného stavu konkurencieschopnosti dvoch regiónov strednej a východnej Európy - Vyšehradskej štvorky a Pobaltia. Štáty regiónov, ktoré mali podobnú východiskovú pozíciu na ceste k b...

Full description

Saved in:
Bibliographic Details
Main Author: Ružeková, Viera, 1957-
Other Authors: Kašťáková, Elena, 1974-
Format: Book Chapter
Language:English
Subjects:
Tags: Add Tag
No Tags, Be the first to tag this record!

MARC

LEADER 00000naa a2200000 4500
001 0246339
005 20251111092911.9
041 0 |a eng 
044 |a SK 
245 1 0 |a Comparison of the Visegrad Group and Baltic Countries in Terms of Multi-Criteria Competitiveness Indicators  |c Viera Ružeková, Elena Kašťáková 
520 |a Prostredníctvom viackriteriálnych kritérií (GCI, WCI, DBI) a jednostranných indexov konkurencieschopnosti posúdenie súčasného stavu konkurencieschopnosti dvoch regiónov strednej a východnej Európy - Vyšehradskej štvorky a Pobaltia. Štáty regiónov, ktoré mali podobnú východiskovú pozíciu na ceste k budovaniu trhovej ekononomiky a integrácie do štruktúr EÚ. 
610 2 0 |a konkurencieschopnosť 
610 2 0 |a ukazovatele sociálno-ekonomické 
610 2 0 |a indexy 
610 2 0 |a kvantifikácia 
610 2 0 |a index globálnej konkurencieschopnosti 
610 2 0 |a Vyšehradská štvorka 
610 2 0 |a Litva 
610 2 0 |a Lotyšsko 
610 2 0 |a Estónsko 
100 1 |a Ružeková, Viera, 1957- 
700 1 |a Kašťáková, Elena, 1974-